| 000 | 00358nam a22001457a 4500 | ||
|---|---|---|---|
| 005 | 20231207155432.0 | ||
| 008 | 231207b |||||||| |||| 00| 0 eng d | ||
| 082 |
_a891.4 _bTAR |
||
| 100 | _aTariq, Ismail Sagar | ||
| 245 | _aElection 90 | ||
| 260 |
_aLahore _bMuazzam Printers |
||
| 300 | _a626 | ||
| 650 | _aLiterature /Other Literature/Urdu | ||
| 999 |
_c34837 _d34837 |
||